Countries of the World - Digit Substitution - Statistics

General Stats
  • This quiz has been taken 19 times
  • The average score is 80 of 196
Answer Stats
Digits Countries % Correct
3 8 9 14 1 China
100%
7 21 1 20 5 13 1 12 1 Guatemala
100%
11 15 19 15 22 15 Kosovo
89%
13 1 12 4 9 22 5 19 Maldives
89%
16 1 11 9 19 20 1 14 Pakistan
89%
16 1 14 1 13 1 Panama
89%
19 1 14 13 1 18 9 14 15 San Marino
89%
22 9 5 20 14 1 13 Vietnam
89%
1 12 2 1 14 9 1 Albania
83%
2 18 1 26 9 12 Brazil
83%
2 21 18 11 9 14 1 6 1 19 15 Burkina Faso
83%
11 5 14 25 1 Kenya
83%
11 25 18 7 25 26 19 20 1 14 Kyrgyzstan
83%
13 15 18 15 3 3 15 Morocco
83%
20 1 14 26 1 14 9 1 Tanzania
83%
1 14 7 15 12 1 Angola
78%
7 1 13 2 9 1 Gambia
78%
12 5 2 1 14 15 14 Lebanon
78%
13 1 4 1 7 1 19 3 1 18 Madagascar
78%
13 5 24 9 3 15 Mexico
78%
16 1 12 1 21 Palau
78%
21 11 18 1 9 14 5 Ukraine
78%
2 1 8 1 13 1 19 Bahamas
72%
2 1 8 18 1 9 14 Bahrain
72%
1 18 7 5 14 20 9 14 1 Argentina
67%
2 21 12 7 1 18 9 1 Bulgaria
67%
3 1 16 5 22 5 18 4 5 Cape Verde
67%
4 5 13 15 3 18 1 20 9 3 18 5 16 21 2 12 9 3 15 6 20 8 5 3 15 14 7 15 Democratic Republic of the Congo
67%
5 19 23 1 20 9 14 9 Eswatini
67%
15 13 1 14 Oman
67%
16 8 9 12 9 16 16 9 14 5 19 Philippines
67%
18 21 19 19 9 1 Russia
67%
19 1 9 14 20 12 21 3 9 1 Saint Lucia
67%
2 1 18 2 1 4 15 19 Barbados
61%
2 5 14 9 14 Benin
61%
2 15 12 9 22 9 1 Bolivia
61%
3 26 5 3 8 18 5 16 21 2 12 9 3 Czech Republic
61%
11 1 26 1 11 8 19 20 1 14 Kazakhstan
61%
13 15 14 1 3 15 Monaco
61%
19 1 9 14 20 22 9 14 3 5 14 20 1 14 4 20 8 5 7 18 5 14 1 4 9 14 5 19 Saint Vincent and the Grenadines
61%
19 21 4 1 14 Sudan
61%
20 15 14 7 1 Tonga
61%
20 18 9 14 9 4 1 4 1 14 4 20 15 2 1 7 15 Trinidad and Tobago
61%
21 14 9 20 5 4 1 18 1 2 5 13 9 18 1 20 5 19 United Arab Emirates
61%
21 14 9 20 5 4 11 9 14 7 4 15 13 United Kingdom
61%
1 14 4 15 18 18 1 Andorra
56%
7 5 18 13 1 14 25 Germany
56%
7 18 5 14 1 4 1 Grenada
56%
9 14 4 9 1 India
56%
9 18 5 12 1 14 4 Ireland
56%
11 9 18 9 2 1 20 9 Kiribati
56%
12 9 2 25 1 Libya
56%
13 1 21 18 9 20 1 14 9 1 Mauritania
56%
14 15 18 20 8 13 1 3 5 4 15 14 9 1 North Macedonia
56%
17 1 20 1 18 Qatar
56%
19 15 21 20 8 11 15 18 5 1 South Korea
56%
19 15 21 20 8 19 21 4 1 14 South Sudan
56%
19 16 1 9 14 Spain
56%
19 21 18 9 14 1 13 5 Suriname
56%
19 25 18 9 1 Syria
56%
20 1 9 23 1 14 Taiwan
56%
22 1 14 21 1 20 21 Vanuatu
56%
26 9 13 2 1 2 23 5 Zimbabwe
56%
1 14 20 9 7 21 1 1 14 4 2 1 18 2 21 4 1 Antigua and Barbuda
50%
2 1 14 7 12 1 4 5 19 8 Bangladesh
50%
2 5 12 7 9 21 13 Belgium
50%
2 5 12 9 26 5 Belize
50%
2 15 19 14 9 1 1 14 4 8 5 18 26 5 7 15 22 9 14 1 Bosnia and Herzegovina
50%
3 21 2 1 Cuba
50%
7 1 2 15 14 Gabon
50%
9 19 18 1 5 12 Israel
50%
13 15 14 7 15 12 9 1 Mongolia
50%
14 15 18 23 1 25 Norway
50%
16 5 18 21 Peru
50%
19 1 9 14 20 11 9 20 20 19 1 14 4 14 5 22 9 19 Saint Kitts and Nevis
50%
19 9 14 7 1 16 15 18 5 Singapore
50%
3 5 14 20 18 1 12 1 6 18 9 3 1 14 18 5 16 21 2 12 9 3 Central African Republic
44%
3 8 9 12 5 Chile
44%
4 15 13 9 14 9 3 1 Dominica
44%
4 15 13 9 14 9 3 1 14 18 5 16 21 2 12 9 3 Dominican Republic
44%
5 12 19 1 12 22 1 4 15 18 El Salvador
44%
5 19 20 15 14 9 1 Estonia
44%
6 5 4 5 18 1 20 5 4 19 20 1 20 5 19 15 6 13 9 3 18 15 14 5 19 9 1 Federated States of Micronesia
44%
9 14 4 15 14 5 19 9 1 Indonesia
44%
12 9 2 5 18 9 1 Liberia
44%
13 15 26 1 13 2 9 17 21 5 Mozambique
44%
14 5 23 26 5 1 12 1 14 4 New Zealand
44%
14 9 3 1 18 1 7 21 1 Nicaragua
44%
19 1 21 4 9 1 18 1 2 9 1 Saudi Arabia
44%
19 5 25 3 8 5 12 12 5 19 Seychelles
44%
21 26 2 5 11 9 19 20 1 14 Uzbekistan
44%
22 5 14 5 26 21 5 12 1 Venezuela
44%
5 20 8 9 15 16 9 1 Ethiopia
39%
6 9 14 12 1 14 4 Finland
39%
7 18 5 5 3 5 Greece
39%
7 21 9 14 5 1 Guinea
39%
7 21 25 1 14 1 Guyana
39%
8 15 14 4 21 18 1 19 Honduras
39%
9 20 1 12 25 Italy
39%
10 1 16 1 14 Japan
39%
10 15 18 4 1 14 Jordan
39%
12 5 19 15 20 8 15 Lesotho
39%
12 9 5 3 8 20 5 14 19 20 5 9 14 Liechtenstein
39%
12 9 20 8 21 1 14 9 1 Lithuania
39%
13 1 12 1 23 9 Malawi
39%
13 1 12 20 1 Malta
39%
14 5 16 1 12 Nepal
39%
14 15 18 20 8 11 15 18 5 1 North Korea
39%
16 1 18 1 7 21 1 25 Paraguay
39%
16 15 18 20 21 7 1 12 Portugal
39%
19 1 13 15 1 Samoa
39%
19 9 5 18 18 1 12 5 15 14 5 Sierra Leone
39%
19 12 15 22 1 11 9 1 Slovakia
39%
19 23 9 20 26 5 18 12 1 14 4 Switzerland
39%
20 1 10 9 11 9 19 20 1 14 Tajikistan
39%
20 21 18 11 5 25 Turkey
39%
21 14 9 20 5 4 19 20 1 20 5 19 United States
39%
22 1 20 9 3 1 14 3 9 20 25 Vatican City
39%
1 21 19 20 18 1 12 9 1 Australia
33%
1 21 19 20 18 9 1 Austria
33%
3 8 1 4 Chad
33%
18 5 16 21 2 12 9 3 15 6 20 8 5 3 15 14 7 15 Republic of the Congo
33%
1 6 7 8 1 14 9 19 20 1 14 Afghanistan
28%
1 12 7 5 18 9 1 Algeria
28%
9 18 1 14 Iran
28%
9 18 1 17 Iraq
28%
13 25 1 14 13 1 18 Myanmar
28%
26 1 13 2 9 1 Zambia
28%
1 18 13 5 14 9 1 Armenia
22%
1 26 5 18 2 1 9 10 1 14 Azerbaijan
22%
2 5 12 1 18 21 19 Belarus
22%
2 18 21 14 5 9 Brunei
22%
3 1 13 2 15 4 9 1 Cambodia
22%
4 5 14 13 1 18 11 Denmark
22%
4 10 9 2 15 21 20 9 Djibouti
22%
5 7 25 16 20 Egypt
22%
5 18 9 20 18 5 1 Eritrea
22%
6 18 1 14 3 5 France
22%
14 1 21 18 21 Nauru
22%
16 1 16 21 1 14 5 23 7 21 9 14 5 1 Papua New Guinea
22%
19 15 13 1 12 9 1 Somalia
22%
2 8 21 20 1 14 Bhutan
17%
3 1 13 5 18 15 15 14 Cameroon
17%
3 1 14 1 4 1 Canada
17%
3 15 19 20 1 18 9 3 1 Costa Rica
17%
3 25 16 18 21 19 Cyprus
17%
5 1 19 20 20 9 13 15 18 East Timor
17%
6 9 10 9 Fiji
17%
7 8 1 14 1 Ghana
17%
7 21 9 14 5 1 2 9 19 19 1 21 Guinea-Bissau
17%
8 1 9 20 9 Haiti
17%
9 3 5 12 1 14 4 Iceland
17%
9 22 15 18 25 3 15 1 19 20 Ivory Coast
17%
14 1 13 9 2 9 1 Namibia
17%
14 9 7 5 18 Niger
17%
18 23 1 14 4 1 Rwanda
17%
19 18 9 12 1 14 11 1 Sri Lanka
17%
19 23 5 4 5 14 Sweden
17%
20 8 1 9 12 1 14 4 Thailand
17%
20 15 7 15 Togo
17%
20 21 14 9 19 9 1 Tunisia
17%
20 21 22 1 12 21 Tuvalu
17%
21 18 21 7 21 1 25 Uruguay
17%
25 5 13 5 14 Yemen
17%
2 15 20 19 23 1 14 1 Botswana
11%
2 21 18 21 14 4 9 Burundi
11%
3 18 15 1 20 9 1 Croatia
11%
7 5 15 18 7 9 1 Georgia
11%
8 21 14 7 1 18 25 Hungary
11%
10 1 13 1 9 3 1 Jamaica
11%
11 21 23 1 9 20 Kuwait
11%
12 1 15 19 Laos
11%
13 1 12 1 25 19 9 1 Malaysia
11%
13 1 12 9 Mali
11%
13 1 18 19 8 1 12 12 9 19 12 1 14 4 19 Marshall Islands
11%
13 1 21 18 9 20 9 21 19 Mauritius
11%
13 15 12 4 15 22 1 Moldova
11%
13 15 14 20 5 14 5 7 18 15 Montenegro
11%
18 15 13 1 14 9 1 Romania
11%
19 12 15 22 5 14 9 1 Slovenia
11%
19 15 21 20 8 1 6 18 9 3 1 South Africa
11%
21 7 1 14 4 1 Uganda
11%
3 15 12 15 13 2 9 1 Colombia
6%
3 15 13 15 18 15 19 Comoros
6%
5 3 21 1 4 15 18 Ecuador
6%
5 17 21 1 20 15 18 9 1 12 7 21 9 14 5 1 Equatorial Guinea
6%
12 1 20 22 9 1 Latvia
6%
12 21 24 5 13 2 15 21 18 7 Luxembourg
6%
14 5 20 8 5 18 12 1 14 4 19 Netherlands
6%
14 9 7 5 18 9 1 Nigeria
6%
16 15 12 1 14 4 Poland
6%
19 1 15 20 15 13 5 1 14 4 16 18 9 14 3 9 16 5 São Tomé and Príncipe
6%
19 5 14 5 7 1 12 Senegal
6%
19 5 18 2 9 1 Serbia
6%
19 15 12 15 13 15 14 9 19 12 1 14 4 19 Solomon Islands
6%
20 21 18 11 13 5 14 9 19 20 1 14 Turkmenistan
6%
No matching quizzes found
Score Distribution
Percent of People with Each Score
Percentile by Number Answered
Your Score History
You have not taken this quiz